000 00583nam a2200205Ia 4500
001 907
003 GE_BSU
008 181216s||||||||xx |||||||||||||| ||und||
040 _cGE_BSU
080 _a94(479.9):94(5)(479.9)
245 _aКавказско-Ближневосточный сборник.VIII
245 _cОтв.ред.Г.Г.Гиоргадзе
260 _aТбилиси
260 _bМецниереба
260 _c1988
300 _a227стр.
541 _h6л.
653 _aКавказско-Ближневосточный сборник
942 _cBK
999 _c35066
_d35066